000 00542cam a2200205ua 4500
020 _a81 85046 20 4
_c300.00
041 _aeng
_h
082 _a628.162
_bKAS/WA
100 _aKasperson, Roger E .
245 _aWater re-use and the cities /
_cRoger E Kasperson.
_hTextual Documents
260 _aJodhpur :
_bScientific Publishers ,
_c1987.
300 _a238 ; .
365 _a300.00
504 _a
700 1 _aKasperson, Jeannex .
942 _cBK
999 _c9048
_d9048